| 000 | 00000nam 2200000za 4500 |
| 001 | 9.835465 |
| 003 | CaOODSP |
| 005 | 20250403105907 |
| 007 | cr ||||||||||| |
| 008 | 170607s2017 oncda os f000 0 fre d |
| 020 | |a978-0-660-08357-5 |
| 040 | |aCaOODSP|bfre |
| 043 | |an-cn--- |
| 086 | 1 |aCS11-627/2017-13F-PDF |
| 245 | 02|aL’horticulture au Canada |h[ressource électronique]. |
| 260 | |a[Ottawa] : |bStatistique Canada, |c[2017] |
| 300 | |a[1] p. : |bgraphiques, ill. en coul. |
| 500 | |a["Date de diffusion : 7 juin 2017"]. |
| 500 | |aPubl. aussi en anglais sous le titre : Horticulture in Canada. |
| 520 | |a« L’horticulture est pratiquée partout au Canada, et l’ensemble des exploitations agricoles spécialisées dans l’horticulture ont généré des revenus agricoles bruts de 7,4 milliards de dollars en 2015 »--p. [1]. |
| 692 | 07|2gccst|aHorticulture |
| 692 | 07|2gccst|aStatistique |
| 710 | 2 |aStatistique Canada. |
| 775 | 08|tHorticulture in Canada |w(CaOODSP)9.835464 |
| 856 | 40|qPDF|s2.33 Mo|uhttps://publications.gc.ca/collections/collection_2017/statcan/11-627-m/11-627-m2017013-fra.pdf |